000 00768nam a22002177a 4500
005 20180704142037.0
010 _aENG-123372-73
020 _c395.00 (vol. 1)
_a9789352833788
020 _c330.00 (vol. 2)
_a9789352833795
035 _aEN-106904-05
037 _bDBAD/PUB
082 _a570
245 0 0 _aBiology for NEET /
_ccomp. by A. Chand Experts
260 _aNew Delhi
_bS. Chand and Company
_c2018
270 _a7361, Ram Nagar,
_bNew Delhi
_e110055
300 _a2 vols. (various paging)
_c27cm(pbk)
_bill.
490 _aobjectivse series
500 _aIt includes vol.1 & 2 practice sets- 1 to 5 and test papers- 1 to 5
505 _aVol. 1 - Diversity in the living world Vol. 2 - Reproduction
942 _2ddc
_cEN
_mBIO
_h570
999 _c153359
_d153359